Practical guide to contract labour : (Record no. 150032)

MARC details
000 -LEADER
fixed length control field 00915nam a22002297a 4500
005 - DATE AND TIME OF LATEST TRANSACTION
control field 20180219153624.0
010 ## - LCCN (DPL NO)
LC control number B-689589
020 ## - INTERNATIONAL STANDARD BOOK NUMBER
Terms of availability 575.00
International Standard Book Number 9789350359525
035 ## - SYSTEM CONTROL NUMBER
System control number B-689589
037 ## - SOURCE OF ACQUISITION
Stock number dpl
Source of stock number/acquisition KKP
082 ## - DEWEY DECIMAL CLASSIFICATION NUMBER
Classification number 344.5401542
100 ## - MAIN ENTRY--PERSONAL NAME
Personal name H.L. Kumar
245 ## - TITLE STATEMENT
Title Practical guide to contract labour :
Statement of responsibility, etc by H.L. Kumar [and] Gaurav Kumar
Remainder of title regulation & abolition act & rules /
250 ## - EDITION STATEMENT
Edition statement 10th ed
260 ## - PUBLICATION, DISTRIBUTION, ETC. (IMPRINT)
Place of publication, distribution, etc Delhi
Name of publisher, distributor, etc Universal Law Publishing
Date of publication, distribution, etc 2017
270 ## - ADDRESS
Address LexisNexis, 14th Floor, Building No.10, DLF Cyber City, Phase-II
City Gurgaon
Postal code 122002
300 ## - PHYSICAL DESCRIPTION
Extent xlvii,424p.
Dimensions 25cm(pbk)
500 ## - GENERAL NOTE
General note Includes index
505 ## - FORMATTED CONTENTS NOTE
Formatted contents note (Rashtrapati Bhawan)
942 ## - ADDED ENTRY ELEMENTS (KOHA)
Source of classification or shelving scheme Dewey Decimal Classification
Item type English Books
Call number suffix HLK
Classification part 344.5401542
Holdings
Withdrawn status Lost status Not for loan Collection code Home library Current library Date acquired Source of acquisition Cost, normal purchase price Full call number Barcode Copy number Cost, replacement price Koha item type
      Non-fiction Mobile Library Mobile Library 19/02/2018 KKP/BL-61/14.2.2018/EN/SPL/2017-18/769/10.2.2018/16.2.2018 575.00 344.5401542 HLK B-689589 1 575.00 English Books

© Delhi Public Library
Hit Counter
free hit counter